| 000 | 00355nam a22001337a 4500 | ||
|---|---|---|---|
| 082 |
_a627 _bPAR _cL-22, P-17 |
||
| 100 |
_aR. S. Paradise _943966 |
||
| 245 | _aProblems in hydraulics | ||
| 300 |
_aviii, 342 p. _billus. |
||
| 526 |
_a0 _b0 _c0 _d627_000000000000000_PAR |
||
| 526 |
_a0 _b0 _c0 _d627_000000000000000_PAR |
||
| 650 |
_aMCE _9379 |
||
| 942 |
_2ddc _cBK |
||
| 999 |
_c547831 _d547831 |
||